Statistics for Fastest man on earth year by year

Click here to take the quiz!

General Stats

  • This quiz has been taken 932 times
    (917 since last reset)
  • The average score is 14 of 53

Answer Stats

YearAnswerTime% Correct
2012Usain Bolt9.63
99%
2013Usain Bolt9.77
99%
2011Usain Bolt9.76
99%
2009Usain Bolt9.58
99%
2008Usain Bolt9.69
99%
1986Ben Johnson9.95
55%
2003Patrick Johnson9.93
54%
1987Carl Lewis9.93
51%
1981Carl Lewis10.00
51%
1991Carl Lewis9.86
51%
1985Carl Lewis9.98
51%
1982Carl Lewis10.00
51%
1988Carl Lewis9.92
51%
2010Tyson Gay9.78
33%
2006Asafa Powell9.77
30%
2005Asafa Powell9.77
30%
2007Asafa Powell9.74
30%
2014Justin Gatlin9.77
29%
2004Justin Gatlin9.85
29%
2015Justin Gatlin9.74
29%
2016Justin Gatlin9.80
29%
1983Calvin Smith9.93
28%
1993Linford Christie9.87
23%
1997Maurice Greene9.86
17%
1999Maurice Greene9.79
17%
2000Maurice Greene9.86
17%
2001Maurice Greene9.82
17%
2002Maurice Greene9.89
17%
1995Donovan Bailey9.91
15%
1996Donovan Bailey9.84
15%
2017Christian Coleman9.82
10%
2018Christian Coleman9.79
10%
2019Christian Coleman9.76
10%
1998Ato Boldon9.86
9%
2022Fred Kerley9.76
7%
1989Leroy Burrell9.94
7%
1994Leroy Burrell9.85
7%
1990Leroy Burrell9.96
7%
1968Jim Hines9.95
5%
1979Pietro Mennea10.01
5%
2021Trayvon Bromell9.76
5%
1972Valeriy Borzov10.07
4%
1971Lennox Miller10.19
3%
1978Clancy Edwards10.07
2%
1976Hasely Crawford10.06
2%
1992Michael Marsh9.93
2%
2020Michael Norman9.86
2%
1973Hans-Jurgen Bombach10.10
1%
1980James Sanford10.02
1%
1984Mel Lattany9.96
1%
1977Silvio Leonard9.98
1%
1975Steve Riddick10.05
1%
1974Steve Riddick10.20
1%

Score Distribution

Percentile by Number Answered

Percent of People with Each Score

Your Score History

You have not taken this quiz since the last reset